[Event "Giessen-ch"]
[Site "Giessen"]
[Date "2008.05.09"]
[Round "7"]
[White "Risius, Joerg"]
[Black "Kloes, Wilfried"]
[Result "1/2-1/2"]
[WhiteElo "1229"]
[BlackElo "1402"]
[PlyCount "55"]
[EventDate "2008.02.01"]
[EventType "swiss"]
[EventRounds "7"]
[EventCountry "GER"]
[SourceTitle "EXT 2010"]
[Source "ChessBase"]
[SourceDate "2010.11.25"]
[SourceVersion "1"]
[SourceVersionDate "2010.11.25"]
[SourceQuality "1"]

1. d4 d5 2. c4 Nf6 3. Nc3 e6 4. Nf3 Be7 5. Bf4 0-0 6. e3 c6 7. cxd5 exd5 8. Be2 Bg4 9. Ne5 Bxe2 10. Qxe2 Nbd7 11. Nd3 Re8 12. 0-0 Nb6 13. Ne5 Bd6 14. Bg3 Qc7 15. f4 Re6 16. e4 Nxe4 17. Nxe4 dxe4 18. Qxe4 f6 19. Qf5 Rae8 20. Nd3 Nd5 21. Rae1 Re3 22. Nc5 Rxe1 23. Rxe1 Rxe1+ 24. Bxe1 Nxf4 25. Qe4 Qf7 26. b3 Bxc5 27. dxc5 Nd5 28. b4 1/2-1/2

[Event "Giessen-ch"]
[Site "Giessen"]
[Date "2008.03.14"]
[Round "4"]
[White "Kloes, Wilfried"]
[Black "Pade, Joachim"]
[Result "0-1"]
[WhiteElo "1402"]
[BlackElo "1728"]
[PlyCount "60"]
[EventDate "2008.02.01"]
[EventType "swiss"]
[EventRounds "7"]
[EventCountry "GER"]
[SourceTitle "EXT 2010"]
[Source "ChessBase"]
[SourceDate "2010.11.25"]
[SourceVersion "1"]
[SourceVersionDate "2010.11.25"]
[SourceQuality "1"]

1. e4 e6 2. Nf3 d5 3. exd5 exd5 4. d4 Nf6 5. Bg5 Be7 6. Be2 0-0 7. 0-0 Ne4 8. Bxe7 Qxe7 9. Re1 Nc6 10. c4 Bf5 11. Nc3 dxc4 12. Bxc4 Qb4 13. Qa4 Nxc3 14. Qxb4 Nxb4 15. bxc3 Nc2 16. Nh4 Bg6 17. Nxg6 hxg6 18. a4 Nxa1 19. Rxa1 Rfe8 20. Kf1 Re7 21. a5 a6 22. Rb1 c6 23. d5 c5 24. d6 Rd7 25. Rb6 Rad8 26. Bd5 Rxd6 27. Bxb7 Rxb6 28. axb6 Rb8 29. Bxa6 Rxb6 30. Bd3 Rb3 0-1